| 000 | 00606nam a2200181 i 4500 | ||
|---|---|---|---|
| 001 | 93165 | ||
| 003 | ES-MaACL | ||
| 005 | 20250825092212.0 | ||
| 007 | t| | ||
| 008 | 050408s1930 fr ||||1| fre d | ||
| 100 | 1 |
_aLonchamp, F. C. _973210 |
|
| 245 | 1 | 0 |
_aTherapeutica graphica ou l'art de collectioner de conserver et de restaurer les dessins, les manuscrits, les estampes et les livres / _cF. C. Lonchamp. |
| 260 |
_aParis : _bLibrairie des Bibliophiles, _c1930. |
||
| 300 |
_a120 p. ; _c19 cm. |
||
| 650 | 4 |
_aLibros- _xRestauración _914437 |
|
| 852 |
_aES-MaACL _j1739-F-3 |
||
| 999 |
_c93165 _d93165 |
||